[Event "Montreal CC-ch"]
[Site "Montreal"]
[Date "2018.06.10"]
[Round "5.7"]
[White "Zheng, Richard"]
[Black "Lamoureux, Yvon"]
[Result "1-0"]
[WhiteElo "2039"]
[BlackElo "1696"]
[PlyCount "61"]
[EventDate "2018.06.08"]
[EventType "swiss"]
[EventRounds "5"]
[EventCountry "CAN"]
[SourceTitle "EXT 2022"]
[Source "ChessBase"]
[SourceDate "2021.10.06"]
[SourceVersion "1"]
[SourceVersionDate "2021.10.06"]
[SourceQuality "1"]

1. d4 Nf6 2. c4 c5 3. d5 e6 4. Nc3 exd5 5. cxd5 d6 6. e4 g6 7. Bd3 Bg7 8. f4 0-0 9. Nf3 Na6 10. Bxa6 bxa6 11. 0-0 Rb8 12. Re1 Bb7 13. Qc2 Re8 14. h3 Nd7 15. Be3 Qc7 16. Rad1 Ba8 17. Bf2 Rb4 18. a3 Rbb8 19. Bg3 Qb6 20. Re2 Qb3 21. Qxb3 Rxb3 22. e5 f5 23. Rde1 Nb6 24. exd6 Rxe2 25. Rxe2 Kf8 26. Ne5 Bxe5 27. fxe5 Nxd5 28. Nxd5 Bxd5 29. e6 Bxe6 30. Rxe6 Rxg3 31. d7 1-0

[Event "Montreal op U2000"]
[Site "Montreal"]
[Date "2016.09.10"]
[Round "5.48"]
[White "Lamoureux, Yvon"]
[Black "Tsypin, Allison"]
[Result "1-0"]
[WhiteElo "1791"]
[BlackElo "1508"]
[PlyCount "85"]
[EventDate "2016.09.09"]
[EventType "swiss"]
[EventRounds "5"]
[EventCountry "CAN"]
[SourceTitle "EXT 2022"]
[Source "ChessBase"]
[SourceDate "2021.10.06"]
[SourceVersion "1"]
[SourceVersionDate "2021.10.06"]
[SourceQuality "1"]

1. e4 e5 2. Nf3 Nc6 3. Bb5 a6 4. Bxc6 dxc6 5. d4 exd4 6. Qxd4 Qxd4 7. Nxd4 Nf6 8. f3 Bc5 9. Nb3 Bb6 10. Ke2 Be6 11. Be3 Bxe3 12. Kxe3 Ke7 13. Nc5 b6 14. Nxe6 Kxe6 15. Nc3 Rad8 16. Rad1 Rhe8 17. Rxd8 Rxd8 18. Rd1 Rxd1 19. Nxd1 Nd7 20. f4 Nc5 21. g4 f6 22. h4 g6 23. Nc3 h6 24. Ne2 Nd7 25. Ng3 Nf8 26. h5 Kf7 27. hxg6+ Kxg6 28. Nf5 Kh7 29. Ne7 c5 30. Nd5 Nd7 31. Nxc7 a5 32. b3 Kg6 33. a4 Kf7 34. Nd5 Kg6 35. Kd3 h5 36. gxh5+ Kxh5 37. Kc4 Kg4 38. Kb5 Kf3 39. e5 fxe5 40. fxe5 Nxe5 41. Nxb6 Ke3 42. Nc4+ Nxc4 43. Kxc4 1-0

[Event "Quebec op U2000"]
[Site "Montreal"]
[Date "2016.07.23"]
[Round "1.43"]
[White "Langlois Remillard, Alexis"]
[Black "Lamoureux, Yvon"]
[Result "1-0"]
[WhiteElo "1850"]
[BlackElo "1663"]
[PlyCount "55"]
[EventDate "2016.07.23"]
[EventType "swiss"]
[EventRounds "8"]
[EventCountry "CAN"]
[SourceTitle "EXT 2022"]
[Source "ChessBase"]
[SourceDate "2021.10.06"]
[SourceVersion "1"]
[SourceVersionDate "2021.10.06"]
[SourceQuality "1"]

1. b3 e5 2. Bb2 Nc6 3. e3 d5 4. Bb5 Bd6 5. f4 Qe7 6. Nf3 f6 7. Bxc6+ bxc6 8. fxe5 fxe5 9. Nxe5 Bxe5 10. Qh5+ Kd8 11. Qxe5 Nf6 12. Qxe7+ Kxe7 13. 0-0 Ba6 14. d3 Rhg8 15. Nd2 Rae8 16. Rf3 Kd7 17. Bxf6 gxf6 18. e4 Rg6 19. c4 Kd6 20. Raf1 Re6 21. Rf5 Bb7 22. b4 Ke7 23. g3 Rg5 24. R5f4 Ba6 25. Nf3 Rg6 26. Nd4 dxc4 27. Nxe6 Kxe6 28. d4 1-0

[Event "Montreal Mercredi 05"]
[Site "Montreal"]
[Date "2016.06.08"]
[Round "5"]
[White "Lamoureux, Yvon"]
[Black "Baran, Marius"]
[Result "1-0"]
[WhiteElo "1742"]
[BlackElo "1775"]
[PlyCount "97"]
[EventDate "2016.05.11"]
[EventType "swiss"]
[EventRounds "5"]
[EventCountry "CAN"]
[SourceTitle "EXT 2022"]
[Source "ChessBase"]
[SourceDate "2021.10.06"]
[SourceVersion "1"]
[SourceVersionDate "2021.10.06"]
[SourceQuality "1"]

1. e4 c5 2. Nf3 d6 3. d4 cxd4 4. Nxd4 Nf6 5. Nc3 g6 6. f3 Bg7 7. Be3 0-0 8. Qd2 Nc6 9. Bc4 Bd7 10. 0-0-0 Qb8 11. g4 b5 12. Nxc6 Bxc6 13. Be2 Rc8 14. g5 Nh5 15. Kb1 Qb7 16. Nd5 e6 17. Nb4 a5 18. Nxc6 Qxc6 19. Rc1 Rd8 20. c4 bxc4 21. Rxc4 Qb7 22. Rhc1 Rab8 23. b3 d5 24. exd5 Rxd5 25. Qc2 Rdd8 26. Rc7 Qd5 27. Rc5 Qa8 28. Rc4 a4 29. b4 a3 30. Qe4 Qxe4+ 31. fxe4 Bb2 32. R1c2 Kg7 33. Rd2 Rxd2 34. Bxd2 Rb7 35. Kc2 f6 36. gxf6+ Nxf6 37. Kb3 Kf7 38. Bc1 Bxc1 39. Rxc1 Nxe4 40. Kxa3 Ra7+ 41. Kb2 Rd7 42. b5 Rd4 43. a3 Ke7 44. Rc4 Rd2+ 45. Rc2 Rd6 46. a4 e5 47. a5 Kd8 48. a6 Rb6 49. a7 1-0

[Event "Montreal Mercredi 09"]
[Site "Montreal"]
[Date "2014.09.10"]
[Round "2"]
[White "Gauthier, Luc"]
[Black "Lamoureux, Yvon"]
[Result "1-0"]
[WhiteElo "1762"]
[BlackElo "1676"]
[PlyCount "46"]
[EventDate "2014.09.03"]
[EventType "swiss"]
[EventRounds "5"]
[EventCountry "CAN"]
[SourceTitle "EXT 2022"]
[Source "ChessBase"]
[SourceDate "2021.10.06"]
[SourceVersion "1"]
[SourceVersionDate "2021.10.06"]
[SourceQuality "1"]

1. e4 c5 2. d4 cxd4 3. c3 d3 4. Bxd3 Nc6 5. c4 g6 6. Nc3 Bg7 7. Nf3 d6 8. h3 Nf6 9. 0-0 0-0 10. Be3 Nd7 11. Rc1 Nde5 12. Nxe5 Nxe5 13. b3 Nxd3 14. Qxd3 Kh8 15. Rfd1 f5 16. c5 Rf6 17. e5 Re6 18. exd6 exd6 19. cxd6 Bd7 20. Nb5 Be5 21. Bd4 Bxb5 22. Qxb5 Bxd4 23. Rxd4 Rxd6 1-0

[Event "Montreal Mercredi 02"]
[Site "Montreal"]
[Date "2014.03.19"]
[Round "5"]
[White "Lamoureux, Yvon"]
[Black "Abdelaal, Ibrahim"]
[Result "0-1"]
[WhiteElo "1609"]
[BlackElo "1660"]
[PlyCount "74"]
[EventDate "2014.02.19"]
[EventType "swiss"]
[EventRounds "5"]
[EventCountry "CAN"]
[SourceTitle "EXT 2022"]
[Source "ChessBase"]
[SourceDate "2021.10.06"]
[SourceVersion "1"]
[SourceVersionDate "2021.10.06"]
[SourceQuality "1"]

1. e4 c5 2. Nf3 e6 3. d4 cxd4 4. Nxd4 a6 5. g3 Nf6 6. Bg2 d6 7. 0-0 Be7 8. c4 Nbd7 9. Nc3 Qc7 10. Qe2 0-0 11. Nc2 Ne5 12. Ne3 Bd7 13. f4 Ng6 14. h4 Rfd8 15. h5 Nf8 16. g4 Bc6 17. g5 N6d7 18. Ng4 Rac8 19. f5 exf5 20. exf5 Re8 21. Nd5 Bxd5 22. Bxd5 Bxg5 23. Qg2 Bxc1 24. Raxc1 Ne5 25. f6 g6 26. hxg6 Nfxg6 27. Rf5 Nxg4 28. Qxg4 Re5 29. Rxe5 dxe5 30. b3 Kh8 31. Rc3 Rg8 32. Rg3 Qb6+ 33. Kh2 Qxf6 34. Bxb7 Ne7 35. Rf3 Qb6 36. Qe4 Qg1+ 37. Kh3 Qh1# 0-1

[Event "Montreal Mercredi 11"]
[Site "Montreal"]
[Date "2013.12.11"]
[Round "5"]
[White "Khudaverdian, Berj"]
[Black "Lamoureux, Yvon"]
[Result "1/2-1/2"]
[WhiteElo "1663"]
[BlackElo "1627"]
[PlyCount "146"]
[EventDate "2013.11.13"]
[EventType "swiss"]
[EventRounds "5"]
[EventCountry "CAN"]
[SourceTitle "EXT 2022"]
[Source "ChessBase"]
[SourceDate "2021.10.06"]
[SourceVersion "1"]
[SourceVersionDate "2021.10.06"]
[SourceQuality "1"]

1. d4 Nf6 2. c4 g6 3. Nf3 Bg7 4. g3 0-0 5. Bg2 d6 6. Nc3 c6 7. 0-0 Nbd7 8. e4 Qc7 9. Be3 a6 10. a4 Rb8 11. a5 Ng4 12. Bc1 b5 13. cxb5 cxb5 14. Nd5 Qd8 15. Bg5 f6 16. h3 Nh6 17. Be3 Bb7 18. Nf4 Rf7 19. Ne6 Qe8 20. Qd2 g5 21. Nh4 Nf8 22. d5 Nxe6 23. dxe6 Rf8 24. Nf5 Nxf5 25. exf5 Bxg2 26. Kxg2 Qc6+ 27. Kh2 Qe4 28. g4 h5 29. f3 Qe5+ 30. f4 gxf4 31. Bxf4 Bh6 32. g5 Bxg5 33. Bxe5 Bxd2 34. Bf4 Bxf4+ 35. Rxf4 Kh7 36. Rg1 Rg8 37. Rc1 Rbc8 38. Rff1 Rxc1 39. Rxc1 Rg5 40. Rc7 Rxf5 41. Rxe7+ Kg6 42. Ra7 Re5 43. e7 Kf7 44. e8Q+ Kxe8 45. Rxa6 Kd7 46. Rb6 Re2+ 47. Kg3 Rxb2 48. Kf4 Ke6 49. Ke4 Rb4+ 50. Kd3 Rb3+ 51. Kc2 Rb4 52. Kc3 Ra4 53. Rxb5 d5 54. Kb3 Rc4 55. Rb6+ Ke5 56. a6 Rc8 57. Kb4 f5 58. a7 Ra8 59. Ra6 Kd4 60. Kb5 f4 61. Kc6 Ke4 62. Kb7 Rxa7+ 63. Rxa7 d4 64. Kc6 d3 65. Re7+ Kf3 66. Rd7 Ke2 67. Kd5 d2 68. Ke4 f3 69. Rxd2+ Kxd2 70. Kxf3 Kd3 71. h4 Kd4 72. Kf4 Kd5 73. Kf5 Kd6 1/2-1/2

[Event "Montreal Mercredi 11"]
[Site "Montreal"]
[Date "2013.11.27"]
[Round "3"]
[White "Salazar, Andres Felipe"]
[Black "Lamoureux, Yvon"]
[Result "0-1"]
[WhiteElo "1680"]
[BlackElo "1627"]
[PlyCount "82"]
[EventDate "2013.11.13"]
[EventType "swiss"]
[EventRounds "5"]
[EventCountry "CAN"]
[SourceTitle "EXT 2022"]
[Source "ChessBase"]
[SourceDate "2021.10.06"]
[SourceVersion "1"]
[SourceVersionDate "2021.10.06"]
[SourceQuality "1"]

1. e4 c5 2. Nf3 d6 3. d4 cxd4 4. Nxd4 Nf6 5. Nc3 a6 6. Be2 e5 7. Nb3 Be6 8. Be3 Be7 9. f3 d5 10. exd5 Nxd5 11. Nxd5 Qxd5 12. Qxd5 Bxd5 13. c4 Bc6 14. Nd2 Nd7 15. 0-0 0-0-0 16. Nb3 b6 17. c5 Nxc5 18. Nxc5 Bxc5 19. Bxc5 bxc5 20. Rfc1 Kb7 21. Rxc5 Rd5 22. Rc2 Bb5 23. Bxb5 axb5 24. Rac1 Rhd8 25. Rc7+ Kb6 26. R1c6+ Ka5 27. Ra7+ Kb4 28. h3 Rd2 29. Rxf7 Rxb2 30. Rxg7 Rdd2 31. Re6 Re2 32. Rg5 Rxa2 33. Rexe5 Ra1+ 34. Kh2 Rxe5 35. Rxe5 Kc4 36. Re7 b4 37. Rxh7 b3 38. Rc7+ Kd4 39. Rb7 Kc3 40. Kg3 b2 41. Rxb2 Kxb2 0-1

[Event "Montreal Mercredi 11"]
[Site "Montreal"]
[Date "2013.11.13"]
[Round "1"]
[White "Struben, Jeroen"]
[Black "Lamoureux, Yvon"]
[Result "1-0"]
[WhiteElo "1693"]
[BlackElo "1627"]
[PlyCount "49"]
[EventDate "2013.11.13"]
[EventType "swiss"]
[EventRounds "5"]
[EventCountry "CAN"]
[SourceTitle "EXT 2022"]
[Source "ChessBase"]
[SourceDate "2021.10.06"]
[SourceVersion "1"]
[SourceVersionDate "2021.10.06"]
[SourceQuality "1"]

1. d4 Nf6 2. c4 e6 3. Nc3 c5 4. d5 exd5 5. cxd5 d6 6. e4 g6 7. Nf3 Bg7 8. Bf4 a6 9. a4 0-0 10. Bd3 b6 11. h3 Ra7 12. 0-0 Re8 13. Nd2 Nh5 14. Bh2 Bf8 15. Nc4 Rb7 16. f4 b5 17. axb5 axb5 18. Na5 Ra7 19. Bxb5 Ree7 20. Nc4 f6 21. Qf3 Ng7 22. f5 Reb7 23. fxg6 Rxa1 24. gxh7+ Kxh7 25. Rxa1 1-0

[Event "Montreal Mercredi 10"]
[Site "Montreal"]
[Date "2013.10.23"]
[Round "4"]
[White "Millette, Sylvain"]
[Black "Lamoureux, Yvon"]
[Result "1/2-1/2"]
[WhiteElo "1750"]
[BlackElo "1671"]
[PlyCount "52"]
[EventDate "2013.10.02"]
[EventType "swiss"]
[EventRounds "5"]
[EventCountry "CAN"]
[SourceTitle "EXT 2022"]
[Source "ChessBase"]
[SourceDate "2021.10.06"]
[SourceVersion "1"]
[SourceVersionDate "2021.10.06"]
[SourceQuality "1"]

1. Nf3 Nf6 2. g3 g6 3. Bg2 Bg7 4. d4 0-0 5. 0-0 d6 6. c3 Nbd7 7. Nbd2 e5 8. dxe5 dxe5 9. Ng5 c6 10. Nde4 Nb6 11. Nxf6+ Bxf6 12. Ne4 Be7 13. Qc2 f5 14. Rd1 Qe8 15. Nd6 Bxd6 16. Rxd6 Qe7 17. Qd3 Be6 18. Bg5 Qxg5 19. Rxe6 Rad8 20. Rd6 Qe7 21. Rd1 Rxd6 22. Qxd6 Qxd6 23. Rxd6 Kf7 24. b3 Ke7 25. Rd2 Rf6 26. Kf1 Rd6 1/2-1/2

[Event "Montreal Mercredi 10"]
[Site "Montreal"]
[Date "2013.10.02"]
[Round "1"]
[White "Struben, Jeroen"]
[Black "Lamoureux, Yvon"]
[Result "0-1"]
[WhiteElo "1676"]
[BlackElo "1671"]
[PlyCount "115"]
[EventDate "2013.10.02"]
[EventType "swiss"]
[EventRounds "5"]
[EventCountry "CAN"]
[SourceTitle "EXT 2022"]
[Source "ChessBase"]
[SourceDate "2021.10.06"]
[SourceVersion "1"]
[SourceVersionDate "2021.10.06"]
[SourceQuality "1"]

1. d4 Nf6 2. c4 c5 3. d5 e6 4. Nc3 exd5 5. cxd5 d6 6. e4 g6 7. Nf3 Bg7 8. Be2 0-0 9. 0-0 Re8 10. Qc2 Na6 11. Bg5 Nc7 12. a4 Rb8 13. a5 b5 14. axb6 axb6 15. Ra7 b5 16. Nd2 h6 17. Bh4 g5 18. Bg3 b4 19. Na4 Nfxd5 20. Nxc5 Nf4 21. Bxf4 gxf4 22. Ncb3 Nb5 23. Bxb5 Rxb5 24. Rxf7 Rbe5 25. Ra7 d5 26. Nf3 Rxe4 27. Nc5 Re2 28. Qg6 Qf6 29. Qd3 Qf5 30. Qb5 Bxb2 31. Qxb4 Bf6 32. Qb5 d4 33. Qc4+ Kh8 34. Nxd4 Bxd4 35. Qxd4+ Qe5 36. Qxe5+ R2xe5 37. Nd3 Rf5 38. Rc1 Rff8 39. f3 Rg8 40. Nxf4 Ref8 41. Rcc7 Bf5 42. Kf2 Bb1 43. Rf7 Rc8 44. Rac7 Ra8 45. Ra7 Rac8 46. Rac7 Ra8 47. g4 Ra3 48. Rc6 Ra2+ 49. Kg3 Rg7 50. Rxh6+ Kg8 51. Rxg7+ Kxg7 52. Rb6 Bc2 53. Rc6 Bd1 54. Rc3 Ba4 55. h4 Be8 56. Rc7+ Kf6 57. g5+ Kf5 58. Rc5# 0-1

[Event "Montreal Mercredi 08"]
[Site "Montreal"]
[Date "2013.09.11"]
[Round "3"]
[White "Lamoureux, Yvon"]
[Black "Cote, Philippe"]
[Result "0-1"]
[WhiteElo "1688"]
[BlackElo "1753"]
[PlyCount "110"]
[EventDate "2013.08.28"]
[EventType "swiss"]
[EventRounds "5"]
[EventCountry "CAN"]
[SourceTitle "EXT 2022"]
[Source "ChessBase"]
[SourceDate "2021.10.06"]
[SourceVersion "1"]
[SourceVersionDate "2021.10.06"]
[SourceQuality "1"]

1. e4 d6 2. Nf3 Nf6 3. Nc3 g6 4. d4 Bg7 5. Be2 0-0 6. h3 c5 7. 0-0 cxd4 8. Nxd4 Nc6 9. Be3 e5 10. Nb3 Be6 11. Qd2 d5 12. exd5 Nxd5 13. Nxd5 Qxd5 14. Bf3 e4 15. Be2 Qxd2 16. Nxd2 f5 17. f4 Nd4 18. Bd1 Rfd8 19. c3 Nc6 20. Be2 Rab8 21. Rfc1 b5 22. a3 Na5 23. Rd1 a6 24. Kf2 Kf7 25. Nf1 Nc4 26. Bc1 Bf6 27. Ne3 Nxe3 28. Bxe3 Bb3 29. Rxd8 Rxd8 30. a4 Bxa4 31. c4 Bxb2 32. Rb1 Bd4 33. cxb5 Bxe3+ 34. Kxe3 Bxb5 35. Bxb5 axb5 36. Rxb5 Rd3+ 37. Ke2 Ke6 38. Re5+ Kd6 39. Kf2 Rd5 40. Re8 Kc7 41. Re7+ Rd7 42. Re5 Kc6 43. g4 Rd2+ 44. Kg3 Rd3+ 45. Kg2 Rd5 46. Re7 Rd2+ 47. Kg3 Rd3+ 48. Kg2 Rf3 49. gxf5 gxf5 50. Rxh7 Rxf4 51. h4 e3 52. h5 Kd6 53. h6 e2 54. Rh8 e1Q 55. Rd8+ Kc7 0-1